[Event "GER-ch U10"]
[Site "Willingen"]
[Date "2004.05.30"]
[Round "3"]
[White "Babayev, Ramil"]
[Black "Schulz, Anja2222"]
[Result "1-0"]
[WhiteElo "1382"]
[BlackElo "1166"]
[PlyCount "41"]
[EventDate "2004.06.??"]
[EventType "swiss"]
[EventRounds "11"]
[EventCountry "GER"]
[SourceTitle "EXT 2005"]
[Source "ChessBase"]
[SourceDate "2004.11.15"]
[SourceVersion "1"]
[SourceVersionDate "2004.11.15"]
[SourceQuality "1"]

1. e4 c5 2. Nc3 Nc6 3. f4 g6 4. Bb5 a6 5. Bxc6 dxc6 6. Nf3 Bg7 7. d3 Bg4 8. 0-0 Bd4+ 9. Kh1 Nh6 10. f5 0-0 11. Bxh6 Re8 12. h3 Bxf3 13. Qxf3 Qd6 14. Bd2 e6 15. fxg6 fxg6 16. Qf7+ Kh8 17. Bh6 Rab8 18. Ne2 Bxb2 19. Rab1 Be5 20. Rxb7 Rbc8 21. Qxh7# 1-0